|
|
|
|
| LEADER |
00000nam0a2200000 4500 |
| 001 |
357186 |
| 005 |
20231102010951.0 |
| 035 |
|
|
|a (RuTPU)RU\TPU\retro\14446
|
| 090 |
|
|
|a 357186
|
| 100 |
|
|
|a 20200803d1975 m y0rusy50 ca
|
| 101 |
0 |
|
|a rus
|
| 102 |
|
|
|a RU
|
| 105 |
|
|
|a a z 000zy
|
| 200 |
1 |
|
|a Второй путь к океану
|f С. А. Богатко
|
| 210 |
|
|
|a Москва
|c Молодая гвардия
|d 1975
|
| 215 |
|
|
|a 175 с.
|c ил.
|
| 606 |
1 |
|
|a Байкало-Амурская магистраль
|x Строительство
|2 stltpush
|3 (RuTPU)RU\TPU\subj\27980
|9 51608
|
| 610 |
1 |
|
|a Россия
|
| 610 |
1 |
|
|a Сибирь
|
| 610 |
1 |
|
|a железные дороги
|
| 610 |
1 |
|
|a железнодорожное строительство
|
| 610 |
1 |
|
|a железнодорожники
|
| 675 |
|
|
|a 625.1.002
|v 4
|
| 700 |
|
1 |
|a Богатко
|b С. А.
|g Сергей Александрович
|
| 801 |
|
1 |
|a RU
|b 63413507
|c 20200803
|
| 801 |
|
2 |
|a RU
|b 63413507
|c 20200820
|g RCR
|
| 942 |
|
|
|c BK
|